The Spanish Conquest in America (Record no. 155231)

MARC details
000 -LEADER
campo de control de longitud fija 00967cam a22002173i 4500
001 - NÚMERO DE CONTROL
campo de control 155231
003 - IDENTIFICADOR DE NÚMERO DE CONTROL
campo de control ES-MaACL
005 - FECHA Y HORA DE LA ÚLTIMA TRANSACCIÓN
campo de control 20250730153548.0
008 - DATOS DE LONGITUD FIJA--INFORMACIÓN GENERAL
campo de control de longitud fija 021210m18551857xxka |||| | eng d
040 ## - FUENTE DE CATALOGACIÓN
Centro catalogador/agencia de origen EUS
Lengua de catalogación spa
Centro/agencia transcriptor EUS
Centro/agencia modificador CCPB | CAM
100 1# - ENTRADA PRINCIPAL--NOMBRE DE PERSONA
Nombre de persona Helps, Arthur.
9 (RLIN) 62476
245 14 - MENCIÓN DEL TÍTULO
Título The Spanish Conquest in America
Resto del título : and its relation to the history of slavery and to the covernment of colonies /
Mención de responsabilidad, etc. by Arthur Helps.
260 ## - PUBLICACIÓN, DISTRIBUCIÓN, ETC.
Lugar de publicación, distribución, etc. London :
Nombre del editor, distribuidor, etc. John W. Parker and Son,
Fecha de publicación, distribución, etc. 1855-1857 (
Fabricante Savill and Edwards)
300 ## - DESCRIPCIÓN FÍSICA
Extensión 3 v. :
Otras características físicas map. ;
Dimensiones 23 cm.
596 #1 - NOTA AL PIE DE IMPRENTA
NOTA AL PIE DE IMPRENTA Grab. en port.
597 #1 - NOTA DE DESCRIPCIÓN FÍSICA
NOTA DE DESCRIPCIÓN FÍSICA T.I. 1855 (XV, 528 p.) -- T.II. 1855 (VII, 526 p.) -- T. III 1857 (VII, 584 p.)
651 #4 - PUNTO DE ACCESO ADICIONAL DE MATERIA--NOMBRE GEOGRÁFICO
Nombre geográfico América española-
Subdivisión general Historia-
Subdivisión cronológica 1492-1600 (Descubrimiento y conquista)
9 (RLIN) 7724
752 ## - ENTRADA AGREGADA--NOMBRE JERÁRQUICO DEL LUGAR
País o entidad superior Gran Bretaña -
Ciudad Londrés
852 ## - LOCALIZACIÓN
Ubicación ES-MaACL
Número de control de estantería G-13180-13182
Nota libre -- Enc. ed. en tela
-- -- El último t. lleva al final 8 p. con el catálogo de la editorial
Holdings
Estatus retirado Estado de pérdida Estado de daño No para préstamo Colección Biblioteca de origen Biblioteca actual Ubicación en estantería Fecha de adquisición Fuente de adquisición Total de préstamos Signatura topográfica completa Código de barras Visto por última vez Precio de reemplazo Tipo de ítem Koha
        Libros del s. XIX Biblioteca del Ateneo de Madrid Biblioteca del Ateneo de Madrid Sala Pecera Planta 3 17/01/2008     G-13180-13182 1162380 23/02/2023 23/02/2023 Libro impreso antiguo